[Event "TCh-ESP"]
[Site "Barcelona ESP"]
[Date "2000.08.12"]
[Round "8"]
[White "Schmidt,JP"]
[Black "Vidarte Morales,A"]
[Result "0-1"]
[WhiteElo "2315"]
[BlackElo "2380"]

1.Nf3 Nf6 2.c4 g6 3.g3 Bg7 4.Bg2 O-O 5.d4 d5 6.cxd5 Nxd5 7.O-O Nb6 8.Nc3 Nc6
9.d5 Na5 10.e4 c6 11.Bg5 cxd5 12.exd5 h6 13.Bf4 Nac4 14.Qe2 Bg4 15.h3 Bxf3
16.Bxf3 Rc8 17.Rac1 Qd7 18.b3 Nd6 19.Be5 Rfe8 20.Bxg7 Kxg7 21.Bg4 Nf5 22.Rfd1 h5
23.Bf3 Nd6 24.h4 Qf5 25.Bg2 Rc7 26.Nb5 Nxb5 27.Qxb5 Rec8 28.Rxc7 Rxc7 29.Qa5 Rc2
30.Rd2 Rc1+ 31.Kh2 Nc8 32.Qb4 b6 33.Qd4+ Qf6 34.Qa4 Rc7 35.Qb4 Nd6 36.Re2 Nf5
37.Qf4 Nd6 38.Qe3 b5 39.Be4 b4 40.Kg2 Rc3 41.Bd3 a5 42.Rc2 Nf5 43.Qd2 Nd4
44.Rxc3 Qf3+ 45.Kg1 Qxd5 46.Qc1 bxc3 47.Qxc3 e5 48.Qc4 Qf3 49.Bf1 Qe4 50.Qd3 Qc6
51.Bg2 Qc1+ 52.Kh2 Qb2 53.Qe3 Nf5 54.Qe1 Kf6 55.a4 Qd4 56.Bh3 Nd6 57.Qe3 Ne4
58.Qf3+ Kg7 59.Kg2 Nc5 60.Bc8 e4 61.Qf4 Nxb3 62.Qc7 e3 63.fxe3 Qxe3 64.Bb7 Nc5
65.Bc6 Qe2+ 66.Kh3 Nd3 67.Bb5 Nf2+ 68.Kg2 Qb2 69.Kf3 Ng4 70.Qc5 Qd2 71.Be2 Kg8
72.Qc8+ Kh7 73.Qe8 Kg7 74.Kg2 Qd5+ 75.Bf3 Qa2+ 76.Qe2 Qxa4 77.Bxg4 hxg4 78.Qe5+ Kg8
79.h5 Qc2+ 80.Kg1 Qb1+ 81.Kh2 gxh5 82.Qg5+ Qg6 83.Qxa5 Kh7 84.Qe5 Qc2+ 85.Kg1 Kg6
86.Qd6+ f6 87.Qe7 Qd1+ 88.Kh2 Qc2+ 89.Kg1 Qc1+ 90.Kh2 Qb2+ 91.Kg1 Qe5 92.Qa3 h4
93.gxh4 Kh5 94.Qf8 Kxh4 95.Qh6+ Kg3 96.Qh2+ Kf3 97.Qf2+ Ke4 98.Qe2+ Kf5 99.Qd3+ Qe4
100.Qd7+ Kf4 101.Qd6+ Qe5 102.Qb4+ Kf3 103.Qb7+ Qe4 104.Qa6 Qe1+  0-1

[Event "ch-FRA Pool A"]
[Site "Vichy FRA"]
[Date "2000.08.16"]
[Round "2"]
[White "Anic,D"]
[Black "Nataf,IA"]
[Result "1/2-1/2"]
[WhiteElo "2487"]
[BlackElo "2526"]

1.Nf3 Nf6 2.c4 g6 3.g3 Bg7 4.Bg2 O-O 5.O-O c6 6.d4 d5 7.Qb3 Qb6 8.Nc3 Rd8
9.Rd1 Bf5 10.Ne1 Be6 11.c5 Qxb3 12.axb3 Nbd7 13.b4 a6 14.h3 h6 15.Ra3 Ne8
16.g4 Nc7 17.Be3 g5 18.f4 gxf4 19.Bxf4 Nb5 20.Nxb5 axb5 21.Ra5 f5 22.g5 hxg5
23.Bxg5 Nf6 24.Nf3 Rxa5 25.bxa5 Ra8 26.Ra1 Kf8 27.e3 Ne4 28.Bf4 Bf7 29.b4 Bh5
30.Ne5 Bxe5 31.Bxe5 Kf7 32.Kh2 Rg8 33.a6 bxa6 34.Rxa6 Nd2 35.Ra2 Nf3+ 36.Bxf3 Bxf3
37.Bg3 Be4 38.h4 Kg6 39.Bf4 Kh5 40.Bg5 Kg4 41.Kg1 Kf3 42.Kf1 f4 43.Ra3 fxe3
44.Rxe3+ Kg4 45.Ra3 Rf8+ 46.Ke2 Rf3 47.Rxf3 Bxf3+ 48.Ke3  1/2-1/2

[Event "ch-ESP"]
[Site "Barcelona ESP"]
[Date "2000.08.18"]
[Round "1"]
[White "Rojas Sola,J"]
[Black "Garcia Luque,A"]
[Result "1/2-1/2"]
[WhiteElo "2022"]
[BlackElo "2366"]

1.Nf3 Nf6 2.c4 g6 3.g3 Bg7 4.Bg2 O-O 5.O-O d6 6.d3 e5 7.Nc3 Nc6 8.e4 Bg4
9.Qd2 Bxf3 10.Bxf3 Nd7 11.Bg2 Nd4 12.f4 c6 13.f5 a5 14.Nd1 gxf5 15.exf5 f6
16.Nc3 Nc5 17.Qd1 Qb6 18.Kh1 a4 19.Ne2 Rad8 20.Rb1 Nxe2 21.Qxe2 d5 22.Be3 Rfe8
23.cxd5 cxd5 24.b4 axb3 25.Rxb3 Qd6 26.Bxc5 Qxc5 27.Rxb7 Kh8 28.Qb2 e4 29.Rc1 Qe3
30.d4 Rc8 31.Rd1 Qc3 32.a4 Qxb2 33.Rxb2 Rc4 34.Bf1 Rxa4 35.Bb5 Rb8 36.Bxa4 Rxb2
37.Bc6 e3 38.Bxd5 Rd2 39.Bf3 e2 40.Re1 Rxd4 41.Rxe2 Bf8 42.Re6 Kg7 43.Rc6 Rd7
44.Kg2 Bd6 45.Kf2 Be5 46.Ke3 Ra7 47.Be2 Ra3+ 48.Bd3 Ra2 49.Be2 Ra3+ 50.Kf2 Ra7
51.Re6 Rb7 52.Ra6 Rc7 53.Ra4 Rc3 54.Rg4+ Kf8 55.h4 Rc7 56.Re4 Rc3 57.Rg4 Rc7
58.Ra4 Ra7 59.Ba6 Rd7 60.g4 Rd4 61.Rxd4 Bxd4+ 62.Kf3 h6  1/2-1/2

[Event "Paul Keres mem"]
[Site "Tallinn EST"]
[Date "2000.08.18"]
[Round "5"]
[White "Piarnpuu,L"]
[Black "Morkunaite,E"]
[Result "1-0"]
[WhiteElo "2227"]
[BlackElo "2023"]

1.Nf3 Nf6 2.c4 g6 3.g3 Bg7 4.Bg2 O-O 5.d4 d6 6.O-O c5 7.d5 e5 8.Nc3 a6 9.a4 Nbd7
10.e4 Ne8 11.Bd2 f5 12.Qc1 Nef6 13.Ng5 Nb6 14.b3 h6 15.Ne6 Bxe6 16.dxe6 f4
17.gxf4 exf4 18.Bxf4 Nxe4 19.Nxe4 Bxa1 20.Bxd6 Bf6 21.Bxf8 Qxf8 22.Nxf6+ Qxf6
23.Qxh6 Qxe6 24.a5 Nxc4 25.bxc4 Qxc4 26.Qxg6+ Kh8 27.Qh5+ Kg7 28.Qg5+ Kh8
29.Qe5+ Kh7 30.Be4+ Kh6 31.Qf6+ Kh5 32.Bf3+  1-0

[Event "zt 2.32"]
[Site "Guatemala City GUA"]
[Date "2000.08.20"]
[Round "6"]
[White "Minero,S"]
[Black "Lorenzana,W"]
[Result "1/2-1/2"]
[WhiteElo "2405"]
[BlackElo "2138"]

1.Nf3 Nf6 2.c4 g6 3.g3 Bg7 4.Bg2 O-O 5.d4 d6 6.Nc3 Nbd7 7.O-O e5 8.h3 c6
9.e4 a6 10.a4 a5 11.Be3 exd4 12.Nxd4 Nc5 13.Qc2 Re8 14.Rfe1 Qb6 15.Rad1 Qb4
16.b3 Nfd7 17.Rb1 Ne6 18.Nxe6 Rxe6 19.Na2 Qa3 20.Red1 Rb8 21.Bf1 Bf8 22.b4 axb4
23.Rxb4 Nc5 24.Bg2 Na6 25.Rbb1 Nc5 26.Rb4 Na6 27.Rdb1 Nxb4 28.Rxb4 d5 29.Bc1 Bxb4
30.Bxa3 Bxa3 31.cxd5 cxd5 32.Qc7 Bd6 33.Qd8+ Kg7 34.exd5 Rf6 35.Qa5 b6 36.Qc3 Bd7
37.Nb4 Bxa4 38.Nc6 Re8 39.f4 Bc5+ 40.Kh2 Re3 41.Qd2 Rd6 42.Ne5 Bb3 43.Ng4 Bxd5
44.Bxd5 Re7 45.Qb2+ f6 46.Bg2 Bd4 47.Qc2 h5 48.Nf2 Bxf2 49.Qxf2 Red7 50.f5 Rd2
51.Qe1 gxf5 52.Qe6 Rc7 53.Kg1 Rc1+ 54.Bf1 Rdd1 55.Qe7+ Kg6 56.Qe8+ Kg7 57.Qe7+ Kg6
58.Qe8+ Kg7 59.Qe7+  1/2-1/2

[Event "Open"]
[Site "Kiel GER"]
[Date "2000.08.20"]
[Round "2"]
[White "Gollasch,T"]
[Black "Schmidt,Pe"]
[Result "1-0"]
[WhiteElo "2165"]
[BlackElo "2403"]

1.Nf3 Nf6 2.g3 g6 3.c4 Bg7 4.Bg2 O-O 5.Nc3 d6 6.O-O Nc6 7.d3 e5 8.Rb1 Bd7
9.b4 Qc8 10.b5 Ne7 11.a4 Bh3 12.Ba3 Bxg2 13.Kxg2 b6 14.Qb3 Qb7 15.e4 Nd7
16.Nd5 Nxd5 17.cxd5 f5 18.Ng5 Bh6 19.Ne6 Rf7 20.Rb2 Nf8 21.Rc2 Nxe6 22.dxe6 Re7
23.Qd5 Qxd5 24.exd5 a6 25.a5 bxa5 26.b6 cxb6 27.Bxd6 Rb7 28.Bxe5 Bg5 29.f4 Be7
30.d6 b5 31.Rfc1  1-0

[Event "ch-ESP"]
[Site "Barcelona ESP"]
[Date "2000.08.21"]
[Round "4"]
[White "Bautista Sanchez,J"]
[Black "Mate Adan,C"]
[Result "0-1"]
[WhiteElo "2176"]
[BlackElo "2285"]

1.c4 Nf6 2.Nf3 g6 3.g3 Bg7 4.Bg2 O-O 5.Nc3 d6 6.O-O e5 7.d3 Nc6 8.Bd2 h6
9.Rb1 a5 10.a3 Be6 11.b4 axb4 12.axb4 Qd7 13.b5 Ne7 14.Qc1 Kh7 15.Re1 Nh5
16.Qc2 f5 17.Ra1 Rab8 18.Ra4 f4 19.Ne4 Kh8 20.Bc3 fxg3 21.hxg3 Bh3 22.Bh1 Nf5
23.Qd2 Nd4 24.Bxd4 exd4 25.Rb1 Rbe8 26.Ra7 b6 27.Nh4 Kh7 28.Nf3 Re7 29.Nh2 Be5
30.Bf3 Nf6 31.Nxf6+ Rxf6 32.Bc6 Qf5 33.f4 d5 34.Bxd5 Bd6 35.Bf3 h5 36.Qe1 g5
37.Be4 Rxe4 38.dxe4 Qxe4 39.Nf3 Rg6 40.fxg5 d3 41.Qf2 Rg7 42.Re1 Bc5 43.e3 Rf7
44.Nd2 Qe6 45.Nf3 Bg4 46.g6+ Kxg6 47.Nd4 Qd6 48.Qg2 Bxd4 49.Qe4+ Bf5 50.Qf4 Qxf4
51.gxf4 d2 52.Rf1 Bxe3+ 53.Kh2 Bxf4+  0-1

[Event "Summer Festival Open"]
[Site "Lisbon POR"]
[Date "2000.08.22"]
[Round "2"]
[White "Horvath,Jo"]
[Black "Andrade,Le"]
[Result "1-0"]
[WhiteElo "2558"]
[BlackElo "2208"]

1.Nf3 Nf6 2.c4 g6 3.g3 Bg7 4.Bg2 O-O 5.O-O d6 6.Nc3 c5 7.d4 Na6 8.b3 Qa5
9.Bb2 cxd4 10.Nxd4 Qh5 11.e3 Bg4 12.Qd2 Bh3 13.Bxb7 e5 14.Ndb5 d5 15.f3 d4
16.exd4 exd4 17.Nxd4 Bxf1 18.Bxa8 Bxc4 19.Bc6 Bd5 20.Nxd5 Nxd5 21.Re1 Nab4
22.Bxd5 Nxd5 23.Nc6 Bxb2 24.Qxb2 Qg5 25.Qd4 Nf6 26.f4  1-0

[Event "Paul Keres mem"]
[Site "Tallinn EST"]
[Date "2000.08.22"]
[Round "9"]
[White "Piarnpuu,L"]
[Black "Timoshin,J"]
[Result "0-1"]
[WhiteElo "2227"]
[BlackElo "2170"]

1.Nf3 Nf6 2.c4 g6 3.g3 Bg7 4.Bg2 O-O 5.d4 c6 6.Nc3 d5 7.cxd5 cxd5 8.Ne5 e6
9.O-O Nbd7 10.f4 b6 11.h3 Ba6 12.Be3 Rc8 13.Rc1 Qe7 14.Qa4 Nb8 15.a3 Ne8
16.Bf2 Nd6 17.Rfe1 f6 18.Nd3 Rc4 19.Qd1 Rfc8 20.Qd2 Kh8 21.b3 R4c7 22.a4 Nc6
23.g4 Na5 24.Qb2 Bh6 25.Nb4 Bb7 26.Nd3 Ba6 27.Nb4 Bc4 28.bxc4 Ndxc4 29.Qb1 Nd2
30.Nbxd5 exd5 31.Nxd5 Nxb1 32.Nxe7 Rxc1 33.Nxc8 Rxc8 34.Rxb1 Bxf4 35.Bd5 Rc3
36.Be6 Rxh3 37.g5 f5 38.d5 Kg7 39.Bd4+ Kf8 40.Bf6 Bxg5 41.Bxg5 Rg3+ 42.Kf2 Rxg5
43.Rc1 Rg4 44.Rc7 Nc4 45.Rxh7 a5 46.Rf7+ Ke8 47.Rc7 Nd6 48.Rc6 Ke7 49.Rxb6 Rxa4
50.Ra6 Rf4+ 51.Kg3 Rg4+ 52.Kf3 a4 53.e3 Re4 54.Ra7+ Kf6 55.Ra6 Ke5 56.Bd7 Nc4
57.Rxa4 Kxd5 58.Ra6 Ne5+ 59.Kf2 Nxd7 60.Rxg6 Ne5  0-1

[Event "Open"]
[Site "Collado Villalba ESP"]
[Date "2000.08.24"]
[Round "3"]
[White "Suba,M"]
[Black "San Emeterio Cabanes,J"]
[Result "1-0"]
[WhiteElo "2487"]
[BlackElo "2232"]

1.Nf3 Nf6 2.c4 g6 3.g3 Bg7 4.Bg2 O-O 5.O-O d6 6.Nc3 e5 7.d3 Nc6 8.Rb1 a5
9.a3 h6 10.b4 axb4 11.axb4 Be6 12.b5 Ne7 13.Qb3 Nd7 14.Ba3 f5 15.Nd2 Rb8
16.Ra1 g5 17.Bb4 Ng6 18.Ra7 e4 19.dxe4 f4 20.Nd5 Bd4 21.Ra3 Nde5 22.e3 fxe3
23.Nxe3 c5 24.bxc6 bxc6 25.Qa4 Rf7 26.Nf5 Bxf5 27.exf5 Rxf5 28.Bxc6 Qb6 29.Bd5+ Kh8
30.Rb3 Rxf2 31.Rxf2 Bxf2+ 32.Kg2 Rf8 33.Ne4 Nxc4 34.Bc3+  1-0

[Event "Royal CC NED-GER Match"]
[Site "Venlo NED"]
[Date "2000.08.25"]
[Round "2"]
[White "Hickl,J"]
[Black "Nijboer,F"]
[Result "1-0"]
[WhiteElo "2573"]
[BlackElo "2537"]

1.g3 Nf6 2.Bg2 g6 3.c4 Bg7 4.Nf3 O-O 5.O-O d6 6.Nc3 Nc6 7.d3 e5 8.Rb1 a5
9.a3 Nd4 10.b4 axb4 11.axb4 c6 12.Nd2 d5 13.Bb2 Be6 14.Re1 b5 15.cxb5 cxb5
16.e3 Nc6 17.Nxb5 Qb6 18.Nc3 Nxb4 19.Nf3 Nd7 20.Ng5 Rfb8 21.Nxe6 Qxe6 22.Bf1 h5
23.d4 exd4 24.Nb5 Qe4 25.Bxd4 Bf8 26.Bg2 Qf5 27.Nc3 Ra3 28.Nxd5 Rd3 29.Qe2 Rxd4
30.exd4 Nxd5 31.Rxb8 Nxb8 32.Qb5 Ne3 33.Qxb8 Nxg2 34.Re8 Nh4 35.Rxf8+ Kg7
36.Rg8+ Kh7 37.Rh8+ Kg7 38.gxh4 Qg4+ 39.Kf1 Qd1+ 40.Kg2 Qg4+ 41.Qg3  1-0

[Event "Clasificatorio Abierto"]
[Site "Buenos Aires ARG"]
[Date "2000.08.26"]
[Round "8"]
[White "Cativelli,G"]
[Black "Faig,C"]
[Result "1/2-1/2"]
[WhiteElo "2257"]
[BlackElo "2137"]

1.c4 Nf6 2.Nf3 g6 3.g3 Bg7 4.Bg2 O-O 5.O-O d6 6.Nc3 Nc6 7.Rb1 e5 8.d3 Bf5
9.b4 e4 10.Nh4 exd3 11.Nxf5 dxe2 12.Qxe2 gxf5 13.b5 Nd4 14.Qd3 Nd7 15.Ne2 Nc5
16.Qd1 Nxe2+ 17.Qxe2 Qf6 18.Qc2 Rae8 19.Be3 Ne4 20.Rb3 Bh6 21.Bxh6 Qxh6 22.Ra3 Nd2
23.Rd1 Re2 24.Qxf5 Rfe8 25.h4 a6 26.bxa6 bxa6 27.Rxa6 Qg6 28.Qxg6+ hxg6 29.Ra7 R8e7
30.Bd5 Ne4 31.Bxe4 R2xe4 32.Rc1 Re2 33.Rc3 Rb2 34.Rf3 Rc2 35.Rf4 Kg7 36.a4 f6
37.a5 g5 38.hxg5 fxg5 39.Rd4 Kg6 40.a6 Rf7  1/2-1/2

[Event "Summer Festival Open"]
[Site "Lisbon POR"]
[Date "2000.08.27"]
[Round "7"]
[White "Frois,A"]
[Black "Lohou,S"]
[Result "1/2-1/2"]
[WhiteElo "2346"]
[BlackElo "2157"]

1.Nf3 Nf6 2.c4 g6 3.g3 Bg7 4.Bg2 O-O 5.d4 d5 6.O-O Nc6 7.cxd5 Nxd5 8.Nc3 Nb6
9.d5 Ne5 10.Qc2 c6 11.dxc6 Nxc6 12.Rd1 Qc7 13.Nb5 Qb8 14.Bf4 e5 15.Be3 Bf5
16.Qc5 Rc8 17.Nd6 Rf8 18.Ng5  1/2-1/2

[Event "Open"]
[Site "Abudhabi UAE"]
[Date "2000.08.28"]
[Round "3"]
[White "Mohamed,Ho"]
[Black "Matveeva,S"]
[Result "1/2-1/2"]
[WhiteElo "2173"]
[BlackElo "2440"]

1.Nf3 Nf6 2.c4 g6 3.g3 Bg7 4.Bg2 O-O 5.d4 d5 6.O-O dxc4 7.Na3 Nc6 8.Nxc4 Be6
9.Nce5 Bd5 10.Bf4 Nh5 11.Nxc6 Bxc6 12.Bg5 Be4 13.Rc1 Re8 14.Qa4 c6 15.Qb4 a5
16.Qb3 Qd5 17.Qxd5 Bxd5 18.b3 a4 19.g4 Nf6 20.Bxf6 Bxf6 21.Ne5 Bxg2 22.Kxg2 axb3
23.axb3 Red8 24.Rfd1 Ra3 25.Nf3 Rxb3 26.e4 e6 27.Rb1 Rxb1 28.Rxb1 b5 29.Rc1 Bxd4
30.Rxc6 b4 31.Nxd4 Rxd4 32.Kf3 Rd3+ 33.Kf4 Rh3 34.Rb6 b3 35.g5 Rc3 36.Ke5 Rf3
37.h3 Rxh3 38.f4 Kg7 39.f5 gxf5 40.exf5 exf5 41.Kxf5 Rc3 42.Ke5 Rf3 43.Ke4 Rh3
44.Kf5 Kf8 45.Rb7 Ke8 46.Kg4 Rc3 47.Kf4 Kd8 48.Rxf7 Rc4+ 49.Ke3 Rb4 50.Rf1 b2
51.Rb1 Ke7 52.Kd3 Ke6 53.Kc3 Rb5 54.Rxb2 Rxg5 55.Rb6+ Kf5 56.Rh6 Rg7 57.Kd4 Re7
58.Kd3 Kg5 59.Rh2 h5 60.Re2 Rf7 61.Re4 h4 62.Re8 Kf4 63.Rh8 Kg3 64.Ke2 Rf2+
65.Ke1 Rf4 66.Rg8+ Kh2 67.Ke2 h3 68.Ke3 Rf1 69.Ke2 Rg1 70.Rh8 Kg2 71.Rg8+ Kh1
72.Rh8 Kg2 73.Rg8+ Kh2 74.Rh8 Rg7 75.Kf2 Rf7+ 76.Ke2 Rf4 77.Rg8 Kh1 78.Rg3 Kh2
79.Rg8 Ra4 80.Kf2 Ra3 81.Rg7 Ra2+ 82.Kf1 Rg2 83.Rh7 Rg4 84.Kf2 Rf4+ 85.Ke3 Rf5
86.Ke2 Kg3 87.Rg7+ Kh4 88.Rh7+ Kg4 89.Rg7+ Kh5 90.Rh7+ Kg4 91.Rg7+ Kh4 92.Rh7+ Kg3
93.Rg7+ Kh2 94.Rh7 Rf8 95.Rg7 Rf6 96.Rg8 Kh1 97.Rh8 h2 98.Rg8 Ra6 99.Kf2 Ra1
100.Rf8 Rg1 101.Rf7 Rg2+ 102.Kf1  1/2-1/2

[Event "ch-HUN KO"]
[Site "Budapest HUN"]
[Date "2000.09.02"]
[Round "3.2"]
[White "Almasi,I"]
[Black "Borocz,I"]
[Result "1-0"]
[WhiteElo "2429"]
[BlackElo "2347"]

1.Nf3 g6 2.g3 Bg7 3.c4 Nf6 4.Bg2 O-O 5.d4 d6 6.O-O Nc6 7.Nc3 Bg4 8.h3 Bxf3
9.exf3 Nd7 10.Be3 e5 11.dxe5 Ndxe5 12.Qe2 Na5 13.c5 Nec4 14.Rad1 Nxe3 15.Qxe3 Re8
16.Qf4 Bxc3 17.bxc3 d5 18.Rfe1 c6 19.Bf1 b5 20.cxb6 axb6 21.h4 h5 22.Bd3 b5
23.Rxe8+ Qxe8 24.g4 hxg4 25.fxg4 Nc4 26.Bxc4 bxc4 27.Rb1 Qe7 28.h5 gxh5 29.gxh5 Kh7
30.Kh2 Rg8 31.Rg1 Rxg1 32.Kxg1 Qd7 33.Kh2 Qe6 34.a4 c5 35.a5 d4 36.a6 Qxa6
37.Qxf7+ Kh6 38.Qf8+ Kxh5 39.Qxc5+ Kg4 40.Qxd4+ Kf5 41.Kg2 Qa8+ 42.Kg3 Qg8+
43.Kf3 Qa8+ 44.Ke3 Qe8+ 45.Kd2 Qc6 46.Ke2 Qe8+ 47.Qe3 Qa4 48.Qc5+ Kf4 49.Qf8+ Ke5
50.Qe7+ Kd5 51.Ke3 Qa2 52.f4 Qb3 53.Qe5+ Kc6 54.Kd4 Qd1+ 55.Kxc4 Qf1+ 56.Kd4 Qd1+
57.Ke3 Qe1+ 58.Kf3 Qd1+ 59.Kg3 Qd3+ 60.Kf2 Qd2+ 61.Kf3 Qd3+ 62.Qe3 Qd1+ 63.Kg3 Qc2
64.Qf3+ Kd6 65.f5 Ke5 66.Qf4+ Kf6 67.Qh6+ Kf7 68.Qe6+ Kf8 69.c4 Qd3+ 70.Kf4 Qc3
71.Qd6+ Kf7 72.Qd5+ Kf8 73.c5 Qc1+ 74.Ke5 Qe3+ 75.Kd6 Qe2 76.Kc7 Qf2 77.Kd7 Qh4
78.Qd6+ Kf7 79.Qg6+ Kf8 80.Qe8+  1-0

[Event "FIDE women's World Cup Gp A"]
[Site "Shenyang CHN"]
[Date "2000.09.05"]
[Round "5"]
[White "Maric,A"]
[Black "Payet,A"]
[Result "1-0"]
[WhiteElo "2443"]
[BlackElo "2010"]

1.Nf3 Nf6 2.c4 g6 3.g3 Bg7 4.Bg2 O-O 5.O-O d5 6.cxd5 Qxd5 7.d4 c6 8.Nc3 Qd8
9.e4 Nbd7 10.Qc2 Nb6 11.h3 Bd7 12.b3 Re8 13.a4 a5 14.Be3 h6 15.Rab1 Nc8 16.b4 b5
17.axb5 cxb5 18.Ne5 Ra6 19.bxa5 Rxa5 20.Nxd7 Qxd7 21.e5 Nh7 22.Nxb5 Na7 23.Nxa7 Qxa7
24.Qc6 Rb8 25.d5 Qa8 26.d6 Rxb1 27.Qxa8+ Rxa8 28.Rxb1 Bxe5 29.Bxa8 Bxd6 30.Bxh6 Nf6
31.Kg2 Kh7 32.Bg5 Ne4 33.Bxe4  1-0

[Event "World Seniors"]
[Site "Rowy POL"]
[Date "2000.09.15"]
[Round "5"]
[White "Baumgartner,H"]
[Black "Lapienis,D"]
[Result "1/2-1/2"]
[WhiteElo "2352"]
[BlackElo "2292"]

1.Nf3 Nf6 2.g3 g6 3.Bg2 Bg7 4.c4 O-O 5.O-O d6 6.d4 Nc6 7.Nc3 Bf5 8.Re1 Ne4
9.Nd5 Bd7 10.Ne3 e6 11.d5 exd5 12.cxd5 Nb4 13.a3 Na6 14.Nd2 Nxd2 15.Qxd2 Nc5
16.Rb1 a5 17.Qc2 a4 18.Bd2 Re8 19.Bc3 Bb5 20.Bxg7 Kxg7 21.Ng4 Bd7 22.Qc3+ f6
23.Ne3 Qe7 24.Nc2 Nb3 25.Nd4 Nxd4 26.Qxd4 Qe5 27.Qxe5 fxe5 28.Rbc1 Rec8 29.Red1 Ra5
30.Rc4 b6 31.Rdc1 Rc5 32.e4 g5 33.f3 Kf6 34.Kf2 c6 35.dxc6 R8xc6  1/2-1/2

[Event "ch-GRE"]
[Site "Agios Nikolaos GRE"]
[Date "2000.10.14"]
[Round "2"]
[White "Karayannis,A"]
[Black "Banikas,H"]
[Result "0-1"]
[WhiteElo "2349"]
[BlackElo "2542"]

1.Nf3 Nf6 2.c4 g6 3.g3 Bg7 4.Bg2 O-O 5.Nc3 c6 6.O-O d6 7.d3 e5 8.Rb1 Re8
9.e4 a6 10.b4 b5 11.a4 bxc4 12.dxc4 Be6 13.Qd3 h6 14.Rd1 Qe7 15.Bb2 Nbd7
16.Qxd6 Bxc4 17.Qxe7 Rxe7 18.Bf1 Bxf1 19.Kxf1 Bf8 20.Nd2 Ree8 21.b5 axb5
22.axb5 cxb5 23.Nxb5 Rec8 24.Rdc1 Rcb8 25.Nc3 Nc5 26.Ba3 Rxb1 27.Ndxb1 Nfxe4
28.Nxe4 Nxe4 29.Bxf8 Kxf8 30.Re1 Ra4 31.f3 Ng5 32.Nd2 Ra2 33.Re2 f6 34.h4 Ne6
35.Ne4 Rxe2 36.Kxe2 Nd4+ 37.Kf2 Ke7 38.Nc5 Ne6 39.Nd3 Kd6 40.Ke3 h5 41.Nf2 Nc7
42.Ne4+ Ke7 43.Nc5 Ne6 44.Nd3 Kd6 45.Nb2 Nd4 46.Nc4+ Kc5 47.Nd2 Nf5+ 48.Kf2 Nd6
49.Ke2 Kd4 50.Nb3+ Kc4 51.Na5+ Kb5 52.Nb3 Kb4 53.Nd2 Kc3 54.Nb1+ Kb2 55.Nd2 Kc2
56.Nf1 Nf5 57.Kf2 Kd3 58.Nh2 Ne3 59.g4 f5 60.gxh5 gxh5 61.f4 e4 62.Ke1 Nc2+  0-1

[Event "Tatry Open"]
[Site "Tatranske Zruby SVK"]
[Date "2000.10.15"]
[Round "9"]
[White "Vavrak,P"]
[Black "Sergeev,Vl"]
[Result "0-1"]
[WhiteElo "2361"]
[BlackElo "2475"]

1.c4 g6 2.g3 Bg7 3.Bg2 Nf6 4.Nf3 O-O 5.O-O c5 6.Nc3 Nc6 7.d3 d5 8.Nd2 e6
9.Rb1 b6 10.a3 a5 11.Nf3 Ba6 12.Bf4 Rc8 13.cxd5 exd5 14.Bh3 Ra8 15.Qa4 Na7
16.Be5 d4 17.Nd1 Nd5 18.Bxg7 Kxg7 19.Qd7 Qxd7 20.Bxd7 Rad8 21.Bh3 Rfe8 22.Re1 Nc6
23.Kf1 Re7 24.Bg2 h6 25.Nd2 Ne5 26.f4 Nxd3 27.exd3 Bxd3+ 28.Kf2 Rxe1  0-1

[Event "ch-GRE"]
[Site "Agios Nikolaos GRE"]
[Date "2000.10.16"]
[Round "4"]
[White "Mastrovasilis,A"]
[Black "Pappas,K"]
[Result "1-0"]
[WhiteElo "2372"]
[BlackElo "2122"]

1.Nf3 Nf6 2.c4 g6 3.g3 Bg7 4.Bg2 O-O 5.Nc3 c6 6.O-O d6 7.d3 e5 8.Rb1 a5 9.a3 Re8
10.e4 h6 11.Re1 Nbd7 12.b4 axb4 13.axb4 Qc7 14.h3 Kh7 15.Be3 b6 16.Qb3 Bb7
17.Nh4 Nf8 18.Na4 b5 19.Nc3 Ba6 20.cxb5 Bxb5 21.Nxb5 cxb5 22.d4 Ne6 23.Rbc1 Qb7
24.d5 Ng5 25.Bxg5 hxg5 26.Nf3 g4 27.hxg4 Nxg4 28.Bh3 Nf6 29.Rc6 Red8 30.Ng5+ Kg8
31.Rec1 Ne8 32.Nf3 Bh6 33.R1c2 Ra1+ 34.Kg2 Rda8 35.Rc8 Rxc8 36.Rxc8 Ra8 37.Rc6 Bf8
38.Qc2 Be7 39.Bc8 Qa7 40.Ba6 Rb8 41.Rc8 Kg7 42.Bxb5 Nf6 43.Rc7 Qb6 44.Rxe7 Qxb5
45.Qc7 Rf8 46.Ng5 Qe2 47.Rxf7+ Kh6 48.Rxf6 Kxg5 49.Rxf8 Qxe4+ 50.Kh2  1-0

[Event "ch-ARG"]
[Site "Buenos Aires ARG"]
[Date "2000.10.20"]
[Round "10"]
[White "Varela,G"]
[Black "Malbran,G"]
[Result "1-0"]
[WhiteElo "2249"]
[BlackElo "2399"]

1.Nf3 Nf6 2.c4 g6 3.g3 Bg7 4.Bg2 O-O 5.O-O d6 6.d4 c6 7.Nc3 Qa5 8.h3 Qa6
9.b3 b5 10.Nd2 bxc4 11.Nxc4 Be6 12.Qd3 Nd5 13.e3 Nxc3 14.Qxc3 Bd5 15.Bb2 Nd7
16.Rfd1 Bxc4 17.Qxc4 Qxc4 18.bxc4 Rfc8 19.Ba3 Rab8 20.Rab1 Nb6 21.Rdc1 c5
22.dxc5 dxc5 23.Rb5 Nd7 24.Rxb8 Nxb8 25.Rb1 Bc3 26.Rb7 Bb4 27.Bxb4 cxb4 28.Rxb4 e6
29.Kf1 Kf8 30.Ke2 a5 31.Rb5 Nd7 32.Kd3 Rc5 33.Rxc5 Nxc5+ 34.Kd4 Na6 35.a3 Ke7
36.c5 f6 37.Kc4 Nc7 38.Bb7 e5 39.g4 Kd7 40.Be4 Ke6 41.Bc2 Kd7 42.h4 Ke7 43.Kb3 Ne6
44.Ka4 Nxc5+ 45.Kxa5 e4 46.Kb5 Kd6 47.a4 f5 48.gxf5 gxf5 49.a5 Nd7 50.a6 Kc7
51.Bb3 Nf8 52.Bd5 Kb8 53.Kb6 Nd7+ 54.Kc6 Ne5+ 55.Kd6 Nd3 56.Ke6 f4 57.Kf5 fxe3
58.fxe3 Nf2 59.Bxe4 Ka7 60.Bb7 h6 61.e4  1-0

[Event "TCh-FIN 00-01"]
[Site "FIN"]
[Date "2000.10.21"]
[Round "3"]
[White "Salo,Ta"]
[Black "Manninen,M"]
[Result "1/2-1/2"]
[WhiteElo "2324"]
[BlackElo "2420"]

1.c4 Nf6 2.Nf3 g6 3.g3 Bg7 4.Bg2 O-O 5.O-O d5 6.cxd5 Nxd5 7.d4 Nb6 8.Nc3 Na6
9.Bf4 c6 10.Qc1 Re8 11.Rd1 Nc7 12.Bh6 Bh8 13.h3 Be6 14.e4 Qd7 15.Kh2 Rad8
16.Qc2 Qc8 17.Rac1 Rd7 18.b3 Qd8  1/2-1/2

[Event "34th Olympiad"]
[Site "Istanbul TUR"]
[Date "2000.10.31"]
[Round "4"]
[White "Kurajica,B"]
[Black "Yurtaev,L"]
[Result "1/2-1/2"]
[WhiteElo "2534"]
[BlackElo "2552"]

1.Nf3 Nf6 2.c4 g6 3.g3 Bg7 4.Bg2 O-O 5.O-O d6 6.d4 Nbd7 7.Nc3 e5 8.e4 exd4
9.Nxd4 Re8 10.Re1 Nc5 11.Nb3 Bg4 12.Qc2 Nfd7 13.Nxc5 dxc5 14.f4 Nf8 15.Qf2 Qd3
16.Bf1 Qd7 17.e5 f6 18.Ne4 fxe5 19.Nxc5 Qf7 20.h3 Be6 21.fxe5 Bxc4 22.Qxf7+ Bxf7
23.Bf4 g5 24.Bxg5 Bxe5 25.Nxb7 Bxg3 26.Rxe8 Rxe8 27.Rd1 Bxa2 28.b3 Re1 29.Rxe1 Bxe1
30.Bc4+ Kg7 31.Bf4 Kf6 32.Bxc7 Ne6 33.Bd6 Bc3  1/2-1/2

[Event "34th Olympiad"]
[Site "Istanbul TUR"]
[Date "2000.10.31"]
[Round "4"]
[White "McNab,C"]
[Black "Dukaczewski,P"]
[Result "1-0"]
[WhiteElo "2416"]
[BlackElo "2292"]

1.c4 Nf6 2.g3 g6 3.Bg2 Bg7 4.Nf3 O-O 5.d4 d6 6.O-O Nc6 7.d5 Na5 8.Nbd2 c5
9.e4 e5 10.b3 a6 11.Ne1 b5 12.Nd3 Nd7 13.Qc2 f5 14.Bb2 Rb8 15.Rae1 bxc4 16.bxc4 f4
17.Bc3 g5 18.Qa4 Nb7 19.Qxa6 Qe7 20.Rb1 Nd8 21.Qa7 Rxb1 22.Rxb1 Nf7 23.Bh3 fxg3
24.hxg3 g4 25.Bxg4 Ng5 26.Kg2 Bh6 27.Rb8 Nf7 28.Rxc8 Rxc8 29.Qxd7 Qxd7 30.Bxd7 Bxd2
31.Bxd2 Rb8 32.Bb5 Kg7 33.a4 Nd8 34.a5 Ra8 35.a6 Kf6 36.f4 Nf7 37.Bc3 Rc8
38.Bc6  1-0

[Event "34th Olympiad"]
[Site "Istanbul TUR"]
[Date "2000.10.31"]
[Round "4"]
[White "Kurajica,B"]
[Black "Yurtaev,L"]
[Result "1/2-1/2"]
[WhiteElo "2534"]
[BlackElo "2552"]

1.Nf3 Nf6 2.c4 g6 3.g3 Bg7 4.Bg2 O-O 5.O-O d6 6.d4 Nbd7 7.Nc3 e5 8.e4 exd4
9.Nxd4 Re8 10.Re1 Nc5 11.Nb3 Bg4 12.Qc2 Nfd7 13.Nxc5 dxc5 14.f4 Nf8 15.Qf2 Qd3
16.Bf1 Qd7 17.e5 f6 18.Ne4 fxe5 19.Nxc5 Qf7 20.h3 Be6 21.fxe5 Bxc4 22.Qxf7+ Bxf7
23.Bf4 g5 24.Bxg5 Bxe5 25.Nxb7 Bxg3 26.Rxe8 Rc8 27.Rd8 Rxd8 28.Rb1 Re8 29.Rd1 Bxa2
30.b3 Re1 31.Rxe1 Bxe1 32.Bc4+ Kg7 33.Bf4 Kf6 34.Bxc7 Ne6 35.Bd6 Bc3  1/2-1/2

[Event "Chigorin Mem"]
[Site "St Petersburg RUS"]
[Date "2000.10.31"]
[Round "1"]
[White "Andreeva,N"]
[Black "Yandemirov,V"]
[Result "0-1"]
[WhiteElo "2320"]
[BlackElo "2505"]

1.Nf3 Nf6 2.c4 g6 3.g3 Bg7 4.Bg2 O-O 5.O-O c6 6.d4 d5 7.cxd5 cxd5 8.Ne5 e6
9.Nc3 Nfd7 10.f4 f6 11.Nf3 f5 12.Be3 Nc6 13.Ne5 Ndxe5 14.dxe5 Bd7 15.a4 Re8
16.Bc5 Qa5 17.Bf2 Red8 18.Qb3 Nb4 19.Rfc1 Bf8 20.Be1 Qb6+ 21.Bf2 Qa5 22.Be1 Rac8
23.Na2 Qb6+ 24.Bf2 Qa5 25.Be1 Qb6+ 26.Bf2 Nxa2 27.Bxb6 Nxc1 28.Qd1 Nxe2+
29.Qxe2 axb6 30.h4 Rc4 31.b3 Rc3 32.Kh2 Rxb3 33.Qc2 Rb4 34.Qc7 Be7 35.Bxd5 exd5
36.e6 Rc4 37.Qxb7 Rc2+ 38.Kh3 Bf6 39.Qxd5 Bc6 40.Qb3 Bg2+ 41.Kh2 Be4+ 42.Kh3 Rb2  0-1

[Event "Chigorin Mem"]
[Site "St Petersburg RUS"]
[Date "2000.10.31"]
[Round "1"]
[White "Kochyev,A"]
[Black "Astashov,G"]
[Result "1/2-1/2"]
[WhiteElo "2422"]
[BlackElo "2251"]

1.Nf3 Nf6 2.g3 g6 3.Bg2 Bg7 4.c4 O-O 5.d4 d6 6.O-O c6 7.h3 Be6 8.b3 d5 9.Nbd2 Ne4
10.Bb2 Nxd2 11.Qxd2 Bf5 12.Qb4 b6 13.cxd5 cxd5 14.Ne5 f6 15.Ng4 Qd7 16.Rac1 Rd8
17.Kh2 Nc6 18.Qd2 Rac8  1/2-1/2

[Event "4th OIBM"]
[Site "Bad Wiessee GER"]
[Date "2000.11.01"]
[Round "5"]
[White "Froehlich,P"]
[Black "Gutman,L"]
[Result "0-1"]
[WhiteElo "2440"]
[BlackElo "2533"]

1.Nf3 Nf6 2.c4 g6 3.g3 Bg7 4.Bg2 O-O 5.O-O d5 6.d4 dxc4 7.Na3 a5 8.Nxc4 Be6
9.Nfe5 Bd5 10.f3 Nfd7 11.Bf4 Bxc4 12.Nxc4 Nb6 13.Ne5 N8d7 14.Rc1 c6 15.e4 Nxe5
16.dxe5 Nd7 17.e6 fxe6 18.Kh1 a4 19.Bh3 Ne5 20.Qe2 Qd3 21.Bxe6+ Kh8 22.Bc4 Qxe2
23.Bxe2 Nf7 24.Rc2 Bd4 25.Kg2 e5 26.Bc1 Kg7 27.Rd1 c5 28.Bc4 Nd6 29.Bd5 Rac8
30.f4 b6 31.b3 axb3 32.axb3 Nb5 33.fxe5 Bxe5 34.Ra2 Rc7 35.Ra6 Rb8 36.Rf1 h6
37.h4 Re7 38.h5 Nc7 39.Ra2 Nxd5 40.exd5 Rd8 41.Ra6 Rd6 42.Re1 gxh5 43.Bf4 Kf6
44.Bxh6 Rb7 45.Rd1 Kf5 46.Bf8 Rg6 47.Rf1+ Ke4 48.Rf3 Kxd5 49.Ra4 Rg4 50.Rd3+ Bd4
51.Kh3 Rf7 52.Bh6 Rg6 53.Bd2 b5 54.Ra5 Ke4 55.Rxd4+ cxd4 56.Rxb5 h4 57.Bf4 hxg3
58.Bxg3 Ke3 59.Re5+ Kd3  0-1